Obchodný zákonník a živnostenský zákon

Salvato in:
Dettagli Bibliografici
Autore principale: Kopáč, Ludvík
Altri autori: Bartošíková, Miroslava
Natura: Libro
Lingua:slovacco
Pubblicazione: Bratislava Omega 1992
Edizione:1. vyd.
Serie:Právo
Soggetti:
Tags: Aggiungi Tag
Nessun Tag, puoi essere il primo ad aggiungerne!!

MARC

LEADER 00000nam a2200000 4500
001 c000414
005 20221214090217.6
020 |a 80-85311-08-9 
041 0 |a slo 
044 |a SK 
245 1 0 |a Obchodný zákonník a živnostenský zákon  |c Ludvík Kopáč, Miroslava Bartošíková 
250 |a 1. vyd. 
264 1 |a Bratislava  |b Omega  |c 1992 
300 |a 430 s. 
490 1 |a Právo 
830 0 |a Právo 
610 2 0 |a obchod 
610 2 0 |a živnosti 
610 2 0 |a zákony 
610 2 0 |a ČSFR 
610 2 0 |a podnikanie 
610 2 0 |a register obchodný 
610 2 0 |a účtovníctvo 
610 2 0 |a konkurencia 
610 2 0 |a remeslá 
610 2 0 |a koncesie 
610 2 0 |a pokuty 
610 2 0 |a zákonník hospodársky 
100 1 |a Kopáč, Ludvík 
700 1 |a Bartošíková, Miroslava